[Event "Otto Ibenfeldt Memorial - IM"]
[Site "Gausdal"]
[Date "2006.01.20"]
[Round "6"]
[White "Silseth, Simon"]
[Black "Andreasen, Per"]
[Result "1/2-1/2"]
[WhiteElo "2327"]
[BlackElo "2295"]
[PlyCount "89"]
[EventDate "2006.??.??"]

1. c4 g6 2. Nc3 Bg7 3. d4 d6 4. e4 e5 5. d5 f5 6. Bd3 Nf6 7. Bg5 O-O 8. h4 Na6
9. h5 h6 10. Bxf6 Qxf6 11. Nf3 g5 12. exf5 Bxf5 13. Be4 Bg4 14. Qc2 Nc5 15.
Bh7+ Kh8 16. Nh2 Bf5 17. Bxf5 Qxf5 18. Qxf5 Rxf5 19. O-O e4 20. Rae1 Bxc3 21.
bxc3 Raf8 22. f3 exf3 23. Rxf3 Rxf3 24. Nxf3 Kg7 25. Nd4 Rf7 26. Re8 Nd7 27.
Ne6+ Kh7 28. Nxc7 Nf6 29. Re6 Nxh5 30. Ne8 Ng7 31. Nxg7 Kxg7 32. Rxd6 Rc7 33.
Re6 Rxc4 34. Re7+ Kf6 35. Rxb7 Rxc3 36. Rxa7 Rd3 37. Ra6+ Ke5 38. d6 h5 39. Kf2
h4 40. Ke2 Rd5 41. Rc6 g4 42. Rc4 h3 43. Rxg4 hxg2 44. Rxg2 Kxd6 45. Rg6+
1/2-1/2

[Event "Otto Ibenfeldt Memorial - IM"]
[Site "Gausdal"]
[Date "2006.01.20"]
[Round "6"]
[White "Hole, Øystein"]
[Black "Sagafos, Magne"]
[Result "0-1"]
[WhiteElo "2370"]
[BlackElo "2273"]
[PlyCount "88"]
[EventDate "2006.??.??"]

1. Nf3 Nf6 2. c4 g6 3. Nc3 Bg7 4. e4 d6 5. d4 O-O 6. Be2 e5 7. O-O Nc6 8. d5
Ne7 9. b4 Nh5 10. Re1 f5 11. Ng5 Nf6 12. Bf3 c6 13. Bb2 h6 14. Ne6 Bxe6 15.
dxe6 fxe4 16. Nxe4 Nxe4 17. Rxe4 Nf5 18. b5 Qf6 19. bxc6 bxc6 20. Re2 Rac8 21.
Qa4 Ne7 22. Rd1 Qxe6 23. Ba3 Rf4 24. Be4 d5 25. Bxe7 dxe4 26. g3 Qxe7 27. gxf4
exf4 28. f3 Qc5+ 29. Kh1 exf3 30. Red2 Re8 31. Qb3 Qe3 32. Qd3 Re4 33. Qd8+ Kh7
34. Rf1 Rxc4 35. Qd7 f2 36. Rdxf2 Qe4+ 37. Kg1 Rc5 38. h4 g5 39. h5 Rc3 40. Kh2
Qe5 41. Qf7 Qe4 42. a4 g4 43. Rg2 Rh3+ 44. Kg1 Kh8 0-1

[Event "Otto Ibenfeldt Memorial - IM"]
[Site "Gausdal"]
[Date "2006.01.20"]
[Round "6"]
[White "Moskow, Eric"]
[Black "Lie, Espen"]
[Result "0-1"]
[WhiteElo "2248"]
[BlackElo "2325"]
[PlyCount "72"]
[EventDate "2006.??.??"]

1. d4 d5 2. Nf3 e6 3. e3 c5 4. Bd3 Nc6 5. O-O Nf6 6. b3 Bd6 7. Bb2 Qc7 8. dxc5
Bxc5 9. Nbd2 e5 10. e4 Be6 11. exd5 Nxd5 12. Ng5 O-O-O 13. Nxe6 fxe6 14. Ne4
Bb6 15. Qg4 Nf4 16. Bc4 h5 17. Qf3 Rhf8 18. Ng5 Qe7 19. h4 Nd3 20. Qxc6+ bxc6
21. cxd3 Kb7 22. Bxe5 Rxf2 23. Rxf2 Bxf2+ 24. Kxf2 Qc5+ 25. d4 Rxd4 26. Bxd4
Qxd4+ 27. Kf3 Qc3+ 28. Kf2 Qxa1 29. Nxe6 Qxa2+ 30. Kg3 Qa1 31. Ng5 a5 32. Ne6
Qe1+ 33. Kh3 Qe3+ 34. Kh2 a4 35. bxa4 Qe5+ 36. g3 Qb2+ 0-1

[Event "Otto Ibenfeldt Memorial - IM"]
[Site "Gausdal"]
[Date "2006.01.20"]
[Round "6"]
[White "Haveland, Bjørn Ivar"]
[Black "Westerinen, Heikki MJ"]
[Result "0-1"]
[WhiteElo "2093"]
[BlackElo "2382"]
[PlyCount "104"]
[EventDate "2006.??.??"]

1. d4 Nf6 2. Nf3 g6 3. c4 Bg7 4. Nc3 O-O 5. e4 d6 6. Be2 c5 7. d5 e5 8. dxe6
fxe6 9. e5 dxe5 10. Nxe5 Qd4 11. Nf3 Qxd1+ 12. Bxd1 Nc6 13. O-O b6 14. Re1 Ba6
15. Nb5 Rad8 16. Bg5 h6 17. Bh4 Na5 18. Rc1 Nxc4 19. Nc7 Nxb2 20. Nxa6 Nd3 21.
Bb3 Nxc1 22. Bxe6+ Kh7 23. Rxc1 Rd6 24. Bb3 c4 25. Bg3 cxb3 26. Bxd6 b2 27. Rb1
Rc8 28. Ba3 Ne4 29. h3 Rc2 30. Nb4 Nd2 31. Nxd2 Rxd2 32. Kf1 a5 33. Nd3 Rxd3
34. Bxb2 Rd6 35. Bxg7 Kxg7 36. Ke2 Kf6 37. Ke3 Ke7 38. h4 Kd7 39. g4 Kc6 40. f4
b5 41. f5 gxf5 42. gxf5 b4 43. Rf1 Kd7 44. f6 Ke8 45. f7+ Kf8 46. Rf5 Ra6 47.
Kd4 a4 48. Kc4 Rb6 49. Ra5 b3 50. axb3 axb3 51. Ra1 Kxf7 52. Rb1 Kg6 0-1

[Event "Otto Ibenfeldt Memorial - IM"]
[Site "Gausdal"]
[Date "2006.01.21"]
[Round "7"]
[White "Sagafos, Magne"]
[Black "Silseth, Simon"]
[Result "1/2-1/2"]
[WhiteElo "2273"]
[BlackElo "2327"]
[PlyCount "87"]
[EventDate "2006.??.??"]

1. d4 Nf6 2. c4 e6 3. Nc3 Bb4 4. Nf3 c5 5. g3 O-O 6. Bg2 Nc6 7. O-O Bxc3 8.
bxc3 d6 9. Bf4 Ne4 10. Qd3 f5 11. Nd2 e5 12. dxe5 dxe5 13. Qxd8 Rxd8 14. Nxe4
fxe4 15. Bg5 Re8 16. Bxe4 Na5 17. Rab1 Rb8 18. Rfd1 Be6 19. Bd5 b6 20. Bxe6+
Rxe6 21. Rd7 Rb7 22. Rbd1 h6 23. Rxb7 Nxb7 24. Rd7 Nd6 25. Bd8 Nxc4 26. Rxa7
Rd6 27. Bc7 Rd1+ 28. Kg2 e4 29. Ra4 b5 30. Ra8+ Kf7 31. Rb8 Re1 32. Rxb5 Rxe2
33. Bf4 g5 34. Rxc5 gxf4 35. Rxc4 f3+ 36. Kh3 Ke6 37. g4 Kd5 38. Rd4+ Ke5 39.
Kg3 Re1 40. Rd8 Rg1+ 41. Kh3 Rg2 42. Re8+ Kf4 43. Rf8+ Ke5 44. Re8+ 1/2-1/2

[Event "Otto Ibenfeldt Memorial - IM"]
[Site "Gausdal"]
[Date "2006.01.21"]
[Round "7"]
[White "Bentsen, Øyvind"]
[Black "Moskow, Eric"]
[Result "1/2-1/2"]
[WhiteElo "2187"]
[BlackElo "2248"]
[PlyCount "127"]
[EventDate "2006.??.??"]

1. e4 c5 2. Nf3 d6 3. d4 cxd4 4. Nxd4 Nf6 5. Nc3 g6 6. Be3 Bg7 7. Bc4 Nc6 8. h3
O-O 9. Bb3 a6 10. O-O Bd7 11. Re1 b5 12. a3 Na5 13. Qd2 Re8 14. Bh6 Bh8 15.
Rad1 Rc8 16. e5 dxe5 17. Nf3 Nxb3 18. cxb3 Be6 19. Qxd8 Rexd8 20. Rxd8+ Rxd8
21. Nxe5 Rc8 22. b4 Nd5 23. Nxd5 Bxd5 24. Nd3 e6 25. Rc1 Rc4 26. Bd2 Bd4 27.
Bc3 Be4 28. Bxd4 Bxd3 29. Bc3 Be4 30. Rd1 Bd5 31. Bf6 Kf8 32. g3 Ke8 33. Kf1
Kd7 34. Ke1 Kd6 35. f4 Rc2 36. Rd2 Rc1+ 37. Rd1 Rxd1+ 38. Kxd1 Bg2 39. h4 Kd5
40. Ke2 Ke4 41. Kf2 Bh3 42. Bc3 Bg4 43. Bf6 Bd1 44. Bc3 Bb3 45. Bf6 Bc4 46. Bc3
Bd5 47. Bf6 Kf5 48. Bc3 f6 49. Ke3 e5 50. fxe5 fxe5 51. Be1 Kg4 52. Kf2 h5 53.
Bd2 Bc4 54. Bg5 Ba2 55. Bh6 Bb1 56. Bg5 Kf5 57. Ke3 Ke6 58. Bh6 Kd5 59. Bg7 Bf5
60. Bh8 e4 61. Bg7 Kc4 62. Bf6 Kb3 63. Be5 Kc2 64. Bf6 1/2-1/2

[Event "Otto Ibenfeldt Memorial - IM"]
[Site "Gausdal"]
[Date "2006.01.21"]
[Round "7"]
[White "Westerinen, Heikki MJ"]
[Black "Hole, Øystein"]
[Result "1/2-1/2"]
[WhiteElo "2382"]
[BlackElo "2370"]
[PlyCount "45"]
[EventDate "2006.??.??"]

1. e4 c6 2. d3 d5 3. Nd2 e5 4. Ngf3 Bd6 5. g3 Nf6 6. Bg2 O-O 7. O-O Re8 8. c3
a5 9. Re1 Qc7 10. d4 Bg4 11. dxe5 Rxe5 12. exd5 Rxe1+ 13. Qxe1 Nxd5 14. h3 Bf5
15. Nd4 Bd7 16. Nc4 Bf8 17. Qe5 Qxe5 18. Nxe5 Bc8 19. Bd2 Nd7 20. Re1 Nxe5 21.
Rxe5 Nc7 22. c4 a4 23. Ra5 1/2-1/2

[Event "Otto Ibenfeldt Memorial - IM"]
[Site "Gausdal"]
[Date "2006.01.21"]
[Round "7"]
[White "Lie, Espen"]
[Black "Haveland, Bjørn Ivar"]
[Result "1-0"]
[WhiteElo "2325"]
[BlackElo "2093"]
[PlyCount "63"]
[EventDate "2006.??.??"]

1. c4 c5 2. g3 g6 3. Bg2 Bg7 4. Nc3 Nc6 5. a3 Nf6 6. Nh3 b6 7. O-O Bb7 8. e3
Na5 9. Bxb7 Nxb7 10. Nf4 O-O 11. d4 cxd4 12. exd4 e6 13. Be3 Rc8 14. Qd3 Na5
15. Nb5 Nxc4 16. Nxa7 Nxb2 17. Qb3 Ra8 18. Nb5 Na4 19. Rfc1 d5 20. Nd3 Ng4 21.
Bf4 Bh6 22. Bxh6 Nxh6 23. Ne5 Qg5 24. h4 Qf5 25. Nd6 Qh3 26. Rc7 Nf5 27. Nxf5
Qxf5 28. Re1 h5 29. Re3 b5 30. Rf3 Qh3 31. Qc2 f5 32. Qc6 1-0

[Event "Otto Ibenfeldt Memorial - IM"]
[Site "Gausdal"]
[Date "2006.01.21"]
[Round "7"]
[White "Andreasen, Per"]
[Black "Miezis, Normunds"]
[Result "0-1"]
[WhiteElo "2295"]
[BlackElo "2470"]
[PlyCount "63"]
[EventDate "2006.??.??"]

1. c4 c5 2. g3 Nc6 3. Bg2 g6 4. Nc3 Bg7 5. a3 d6 6. Rb1 a5 7. Nf3 e5 8. O-O
Nge7 9. d3 O-O 10. Bg5 f6 11. Ne1 h6 12. Nc2 f5 13. b4 a4 14. Rb3 Kh7 15. Bd2
e4 16. Nb5 Be6 17. Bf4 Ne5 18. Ne3 exd3 19. exd3 Rb8 20. d4 cxd4 21. Nxd4 Bg8
22. Bxb7 Qb6 23. Bg2 Nxc4 24. Nxc4 Bxc4 25. Re1 Rf7 26. Ne6 Bc3 27. Re3 Be5 28.
Bxe5 dxe5 29. Nd8 Nd5 30. Bxd5 Rd7 31. Bg8+ Kxg8 32. Qxd7 0-1

[Event "Otto Ibenfeldt Memorial - IM"]
[Site "Gausdal"]
[Date "2006.01.22"]
[Round "8"]
[White "Miezis, Normunds"]
[Black "Sagafos, Magne"]
[Result "1-0"]
[WhiteElo "2470"]
[BlackElo "2273"]
[PlyCount "95"]
[EventDate "2006.??.??"]

1. c4 c5 2. Nc3 Nc6 3. g3 g6 4. Bg2 Bg7 5. d3 d6 6. a3 e6 7. Bd2 Nge7 8. h4 h5
9. Nh3 Qd7 10. Rb1 b6 11. Ne4 Bb7 12. O-O O-O 13. Bh6 d5 14. cxd5 Nxd5 15. Qd2
Nd4 16. Bxg7 Kxg7 17. e3 Nf5 18. b4 cxb4 19. axb4 Nfe7 20. Qb2+ f6 21. d4 Rac8
22. b5 Rc7 23. Rfc1 Rfc8 24. Rxc7 Rxc7 25. Ra1 Ba8 26. Kh2 Nc8 27. Nxf6 Kxf6
28. e4 Nce7 29. Ng5 Nc3 30. e5+ Kg7 31. Bxa8 Nxb5 32. Qa2 Nxd4 33. Rd1 Nef5 34.
Be4 a5 35. Bxf5 Nf3+ 36. Nxf3 Qxd1 37. Be4 Rc1 38. Ng5 Qg1+ 39. Kh3 Qf1+ 40.
Bg2 Qc4 41. Qd2 Qg4+ 42. Kh2 Rd1 43. Nxe6+ Qxe6 44. Qxd1 Qxe5 45. Qd7+ Kh6 46.
Qd8 a4 47. Qxb6 a3 48. Qb3 1-0

[Event "Otto Ibenfeldt Memorial - IM"]
[Site "Gausdal"]
[Date "2006.01.22"]
[Round "8"]
[White "Haveland, Bjørn Ivar"]
[Black "Hole, Øystein"]
[Result "0-1"]
[WhiteElo "2093"]
[BlackElo "2370"]
[PlyCount "93"]
[EventDate "2006.??.??"]

1. e4 c6 2. d4 d5 3. Nc3 dxe4 4. Nxe4 Bf5 5. Ng3 Bg6 6. h4 h6 7. h5 Bh7 8. c4
e6 9. Nf3 Nf6 10. Bd2 Bd6 11. Ne5 Nbd7 12. Bc3 Qc7 13. Nxd7 Qxd7 14. Qf3 O-O
15. Bd3 Bxd3 16. Qxd3 b5 17. cxb5 cxb5 18. Ne4 Nxe4 19. Qxe4 b4 20. Bd2 Qb5 21.
g4 Be7 22. f4 Rfd8 23. g5 hxg5 24. h6 Qd5 25. h7+ Kh8 26. Qxd5 Rxd5 27. fxg5
Bxg5 28. Bxg5 Rxg5 29. Rc1 g6 30. Rc7 Rf5 31. Ke2 a5 32. Ke3 Kg7 33. Rc5 Rh8
34. Rxf5 gxf5 35. d5 exd5 36. Kf4 Rxh7 37. Rd1 d4 38. Kxf5 Rh2 39. Rxd4 Rxb2
40. a3 bxa3 41. Rg4+ Kf8 42. Ra4 a2 43. Kf6 Rf2+ 44. Ke5 Kg7 45. Rxa5 Kg6 46.
Ke4 Kf6 47. Kd4 0-1

[Event "Otto Ibenfeldt Memorial - IM"]
[Site "Gausdal"]
[Date "2006.01.22"]
[Round "8"]
[White "Silseth, Simon"]
[Black "Westerinen, Heikki MJ"]
[Result "1-0"]
[WhiteElo "2327"]
[BlackElo "2382"]
[PlyCount "67"]
[EventDate "2006.??.??"]

1. e4 e5 2. Nf3 Nc6 3. Bb5 Nf6 4. Nc3 Bb4 5. O-O O-O 6. d3 d6 7. Bg5 Bxc3 8.
bxc3 Qe7 9. Nd2 h6 10. Bh4 Nd8 11. d4 Ne6 12. d5 Nf4 13. Re1 Kh8 14. Nf1 g5 15.
Bg3 Rg8 16. Bd3 h5 17. f3 Rg7 18. Ne3 Bd7 19. Rb1 b6 20. Bb5 Bc8 21. a4 a5 22.
Bf2 Ng8 23. Kh1 Nh6 24. Qd2 g4 25. fxg4 Nxg4 26. Bg3 Nxe3 27. Rxe3 h4 28. Bxf4
exf4 29. Rf3 h3 30. Qxf4 Bg4 31. Rg3 hxg2+ 32. Rxg2 Qh4 33. Rbg1 Rag8 34. Be2
1-0

[Event "Otto Ibenfeldt Memorial - IM"]
[Site "Gausdal"]
[Date "2006.01.23"]
[Round "9"]
[White "Westerinen, Heikki MJ"]
[Black "Miezis, Normunds"]
[Result "1/2-1/2"]
[WhiteElo "2382"]
[BlackElo "2470"]
[PlyCount "42"]
[EventDate "2006.??.??"]

1. e4 c5 2. Nf3 e6 3. Nc3 a6 4. g3 Nc6 5. Bg2 Nf6 6. O-O Qc7 7. d4 cxd4 8. Nxd4
Nxd4 9. Qxd4 Bc5 10. Bf4 Bxd4 11. Bxc7 d5 12. exd5 Bxc3 13. bxc3 Nxd5 14. Be5
f6 15. Bd4 b5 16. f4 Bb7 17. a4 Kf7 18. Ra3 Bc6 19. axb5 axb5 20. Rfa1 Rxa3 21.
Rxa3 Ra8 1/2-1/2

[Event "Otto Ibenfeldt Memorial - IM"]
[Site "Gausdal"]
[Date "2006.01.23"]
[Round "9"]
[White "Bentsen, Øyvind"]
[Black "Haveland, Bjørn Ivar"]
[Result "1-0"]
[WhiteElo "2187"]
[BlackElo "2093"]
[PlyCount "105"]
[EventDate "2006.??.??"]

1. e4 e5 2. Nf3 Nc6 3. Bc4 Nf6 4. d3 Bc5 5. Bg5 h6 6. Bh4 d6 7. Nc3 Be6 8. Bb3
Bxb3 9. axb3 Bb4 10. O-O Bxc3 11. bxc3 g5 12. Bg3 Qe7 13. Qe2 Nh5 14. b4 O-O
15. Nd2 Nxg3 16. fxg3 Qe6 17. Qe3 a6 18. Rf2 f5 19. exf5 Rxf5 20. Rxf5 Qxf5 21.
b5 Ne7 22. c4 a5 23. b6 c6 24. Ne4 Qe6 25. Qd2 d5 26. Nc5 Qd6 27. Nb3 dxc4 28.
dxc4 Qxd2 29. Nxd2 c5 30. Nb3 Nc8 31. Rxa5 Rxa5 32. Nxa5 Nxb6 33. Nxb7 Nxc4 34.
Nxc5 Ne3 35. Nd7 Nxc2 36. Kf2 Kf7 37. Nxe5+ Kf6 38. Nc4 Nd4 39. Ke3 Ne6 40. Ke4
Nc5+ 41. Kd5 Nd3 42. Ne3 Nf2 43. Kd4 h5 44. h3 Kg6 45. g4 h4 46. Nd5 Nd1 47.
Ke5 Kg7 48. Kf5 Kh6 49. Kf6 Nf2 50. Nc3 Nd3 51. Ne4 Nf4 52. Nxg5 Nxg2 53. Ne6
1-0

[Event "Otto Ibenfeldt Memorial - IM"]
[Site "Gausdal"]
[Date "2006.01.23"]
[Round "9"]
[White "Hole, Øystein"]
[Black "Silseth, Simon"]
[Result "1/2-1/2"]
[WhiteElo "2370"]
[BlackElo "2327"]
[PlyCount "109"]
[EventDate "2006.??.??"]

1. Nf3 Nf6 2. c4 d6 3. d4 Nbd7 4. Nc3 e5 5. e4 Be7 6. Be2 O-O 7. O-O c6 8. Be3
Qc7 9. d5 c5 10. Ne1 a6 11. a3 h6 12. b4 b6 13. Qb3 Nh7 14. Nd3 Bg5 15. Bxg5
hxg5 16. a4 cxb4 17. Qxb4 Nc5 18. Rfb1 f5 19. Qxb6 Qxb6 20. Rxb6 Nxe4 21. Nxe4
fxe4 22. Nb4 a5 23. Na2 Rd8 24. Nc3 Nf6 25. Nb5 Ra6 26. Rxa6 Bxa6 27. Rc1 Bxb5
28. cxb5 Kf8 29. b6 Rb8 30. Rc6 Nxd5 31. Rxd6 Nxb6 32. Bb5 Ke7 33. Rd1 Rd8 34.
Rc1 Rd4 35. g3 Nxa4 36. Ra1 Nc3 37. Rxa5 g4 38. Bf1 Kf6 39. h3 gxh3 40. Bxh3
Rd1+ 41. Bf1 Nb1 42. Ra1 Nc3 43. Rxd1 Nxd1 44. Be2 Nc3 45. Bc4 Kf5 46. Bb3 e3
47. fxe3 Ke4 48. Kf2 Kd3 49. Kf3 e4+ 50. Kf4 Ne2+ 51. Kg5 Kxe3 52. Bd5 Nxg3 53.
Kg6 Kf4 54. Bxe4 Kxe4 55. Kxg7 1/2-1/2

[Event "Otto Ibenfeldt Memorial - IM"]
[Site "Gausdal"]
[Date "2006.01.23"]
[Round "9"]
[White "Sagafos, Magne"]
[Black "Moskow, Eric"]
[Result "0-1"]
[WhiteElo "2273"]
[BlackElo "2248"]
[PlyCount "106"]
[EventDate "2006.??.??"]

1. e4 c5 2. Nf3 d6 3. d4 Nf6 4. Nc3 cxd4 5. Nxd4 g6 6. Be3 Bg7 7. f3 Nc6 8. Qd2
O-O 9. Bc4 Bd7 10. Bb3 Rc8 11. Nde2 Ne5 12. Bxa7 b6 13. Nd4 Nc6 14. Nxc6 Rxc6
15. Na4 Qc7 16. Bxb6 Rxb6 17. Nxb6 Qxb6 18. c3 Ra8 19. Rd1 Bb5 20. Qd4 Qc7 21.
Rd2 Rb8 22. Qe3 Nd7 23. f4 Nb6 24. Kf2 Nc4 25. Bxc4 Bxc4 26. b3 Be6 27. c4 Qa5
28. Rc1 Rc8 29. h3 h5 30. Rdc2 Bd7 31. Re1 e5 32. Kg1 exf4 33. Qe2 f3 34. gxf3
Bd4+ 35. Kh1 Bxh3 36. Rd1 Be5 37. Qd2 Qa8 38. b4 Qa3 39. Qf2 Qxb4 40. f4 Bg7
41. Qg3 Bg4 42. Rdc1 f5 43. Qd3 Qb7 44. Qd5+ Qxd5 45. exd5 Bd4 46. Rf1 Ra8 47.
Kg2 Ra3 48. Rb1 Bf3+ 49. Kf1 Be4 50. Rb8+ Kh7 51. Rd2 Rf3+ 52. Ke2 Bc5 53. Rdb2
Rxf4 0-1